000 005070000a22001570004500
003 MACL
005 20200219153756.0
008 180123b xxu||||| |||| 00| 0 eng d
040 _cmacl
100 _aचौधरी ,एम. पी.
_970202
245 _aडॉ .चन्‍द्रशेखर बेंंकटरमन
260 _aदिल्‍ली
_bकार्ति‍क प्रकाशन
_c2011
350 _a125
650 _aकविता
_961862
942 _cHIN
_k920/CHA
_2ddc
999 _c48982
_d48982